| 000 | 00819nas a2200253 4500 | ||
|---|---|---|---|
| 001 | BR7337006 | ||
| 003 | BR-BrBNA | ||
| 005 | 20231205082728.0 | ||
| 007 | ta | ||
| 008 | 230509b bl.|||p| |||| 00| 00por d | ||
| 040 |
_aBR-BrBNA _bpor _cBiblioteca Nacional de Agricultura |
||
| 041 | _a(Pt) | ||
| 072 | _aQ20 | ||
| 100 | 1 | _aSilva, V.M. de S. e | |
| 245 | 1 | _aNormas higienico-sanitarias e tecnologicas para a producao de leite tipo B [palestra] | |
| 650 | _aTOXICOLOGIA DE ALIMENTO | ||
| 650 | _aMICROBIOLOGIA DE ALIMENTO | ||
| 650 | _aCREME DE LEITE | ||
| 650 | _aLEITE | ||
| 650 | _aHIGIENE DE ALIMENTO | ||
| 773 | 0 |
_tRevista do Instituto de Laticinios Candido Tostes (Brazil) _xISSN 0100-3674 _g(Jan 1975), v. 30(117) p. 33-35 _wBR7337006 |
|
| 909 |
_a202311 _bLúcia _c55 _dLúcia Elande |
||
| 942 |
_2AGRIS _n0 _cANA |
||
| 999 |
_c93889 _d93889 |
||